Logo BPK

Biblioteka

Politechniki Koszalińskiej

Doctor Zhivago / (Rekord nr 48032)

Szczegóły MARC
000 -ETYKIETA REKORDU
podpole kontrolne o stałej długości 00653nam a2200205 i 4500
001 - NUMER KONTROLNY REKORDU
pole kontrolne bgj
020 ## - MIĘDZYNARODOWY ZNORMALIZOWANY NUMER KSIĄŻKI - ISBN
ISBN hbk
040 ## - ŹRÓDŁO KATALOGOWANIA
Instytucja, która utworzyła rekord BPK
041 1# - KOD JĘZYKA
Kod języka tekstu eng
Kod języka oryginału ruru
008 - POLE O STAŁEJ DŁUGOŚCI - DANE KONTROLNE
podpole kontrolne o stałej długości s uk f |000 0 eng
100 1# - NAZWA OSOBOWA
Nazwa osobowa PASTERNAK, Boris
245 10 - TYTUŁ/ODPOWIEDZIALNOŚĆ
Tytuł Doctor Zhivago /
Pozostałe elementy strefy tytułu i oznaczenia odpowiedzialności Boris Pasternak ; transl. by Max Hayward and Manya Harari, "The poems of Yurii Zhivago" by Bernard Guilbert Guerney.
260 ## - STREFA ADRESU WYDAWNICZEGO
Miejsce wydania New York :
Nazwa wydawcy/dystrybutora Pantheon,
Data publikacji, dystrybucji/powstania dokumentu 1958.
300 ## - STREFA OPISU FIZYCZNEGO
Objętość 558, [1] pp ;
Rozmiary 22 cm.
650 #9 - HASŁO PRZEDMIOTOWE W FORMIE NAZWY OGÓLNEJ LUB JEDNOSTKOWEJ
Nazwa ogólna lub geograficzna Russian fiction
Określnik chronologiczny 20th century
700 1# - HASŁO DODATKOWE - NAZWA OSOBOWA
Nazwa osobowa HAYWARD, Max.
Określenie związku między hasłem a opisywanym materiałem transl.
700 1# - HASŁO DODATKOWE - NAZWA OSOBOWA
Nazwa osobowa HARARI, Manya.
Określenie związku między hasłem a opisywanym materiałem transl.
700 1# - HASŁO DODATKOWE - NAZWA OSOBOWA
Nazwa osobowa GUERNEY, Bernard Guilbert.
Określenie związku między hasłem a opisywanym materiałem transl.
856 ## - LOKALIZACJA I DOSTĘP DO ELEKTRONICZNYCH DOKUMENTÓW ZDALNYCH
Link (URL) http://koha.tu.koszalin.pl/cgi-bin/koha/opac-detail.pl?biblionumber=48032
Tekst linku Katalog online BPK
942 ## - DODATKOWE ELEMENTY (KOHA)
Typ dokumentu Książka
Egzemplarze
Wycofany Status egzemplarza Uszkodzony Dostępność Lokalizacja stała Lokalizacja bieżąca Miejsce przechowywania Sygnatura Kod kreskowy Typ dokumentu
      Dostępny Biblioteka Politechniki Koszalińskiej Biblioteka Politechniki Koszalińskiej Wypożyczalnia Językowa KA 4988 09089839 Książka
© 2023 Biblioteka Politechniki Koszalińskiej :: KOHA